000 00215nam a2200097Ia 4500
008 240331s9999 xx 000 0 und d
082 _bBHA
100 _aBhattacharya,R. ed
245 0 _aBehind closed doors
942 _cL
999 _c4549
_d4549